|
|
|
|
| LEADER |
00000nam a22000007a 4500 |
| 005 |
20170615013724.0 |
| 007 |
cr|||| |||| |
| 008 |
170615s2016 br |||||s|||| 00||0 por d |
| 020 |
|
|
|a 978-85-8020-554-1
|
| 035 |
|
|
|a 20334
|
| 040 |
|
|
|a vLex
|
| 090 |
|
|
|c 6771
|d 6771
|
| 245 |
0 |
0 |
|a Direitos humanos no direito do trabalho
|h [Recurso electrn̤ico] /
|n Volume 1
|
| 256 |
|
|
|a Servicio en ln̕ea
|
| 260 |
|
|
|a San Pablo:
|b Editora NELPA,
|c 2016
|
| 300 |
|
|
|a 1 recurso electrn̤ico (136 p.)
|
| 506 |
1 |
|
|a Disponible solo en los productos indicados
|d vLex Global
|d vLex Global (Academic Edition, excluding Law Schools)
|d vLex Global (U.S. Academic Edition, Law Schools)
|d vLex Global (U.S. Academic Edition, excluding Law Schools)
|d vLex Global (Academic Edition, Law Schools)
|
| 650 |
0 |
4 |
|a Derecho Laboral y Seguridad Social
|z Brasil
|
| 740 |
0 |
|
|a vLex Libros (Servicio en ln̕ea)
|
| 856 |
4 |
0 |
|u http://vlex.com/source/direitos-humanos-direito-trabalho-20334
|z Acceso restringido
|
| 942 |
|
|
|c BOOK
|
| 999 |
0 |
|
|a Labor law and social security
|